000
00312nam a2200133Ia 4500
100
_a
Groover/M.P.
942
_c
BK
654
_a
cad
245
_a
CAD/CAM:Computer-aided design and manufacturing
260
_b
prentice hall
_a
New Delhi
_c
1986
082
_a
621.38195
_b
GRO/Z
300
_a
489
546
_a
ENGLISH
999
_c
18805
_d
18805